000 00467 a2200121 4500
001 12569
082 _a621.38152 KRO
090 _c9581
_d9581
100 _aKroll, N.
245 _aMegaflow - Numerical Flow Simulation for Aircraft Design: Result of the second phase of the German CFD initiative MEGAFLOW,presented during its closing symposium at DLR ,Braunschweig ,Germany ,december10 and 11 ,2002
260 _aGermany
_bSpringer
_c2005
300 _aix, 313 p.
942 _aNUST-CAE
_k621.38152 KRO
999 _c247642
_d247642